[Event "VI Festival Scacchi Verdi"]
[Site "Bresso ITA"]
[Date "2007.06.17"]
[Round "6"]
[White "Agrifoglio, Fabio"]
[Black "Rettore, Ludwig"]
[Result "0-1"]
[WhiteElo "2000"]
[BlackElo "2172"]
[PlyCount "104"]
[EventDate "2007.06.14"]

1. d4 d5 2. c4 e6 3. Nc3 Nf6 4. Bg5 Be7 5. e3 O-O 6. Qc2 c6 7. cxd5 cxd5 8. Bd3
h6 9. Bf4 Nc6 10. a3 Bd7 11. Nf3 Rc8 12. Qe2 Qb6 13. O-O Rfe8 14. h3 Bf8 15.
Nb5 Na5 16. b4 Nc4 17. Nc3 Nd6 18. Rfc1 Nde4 19. Qb2 Nxc3 20. Rxc3 Rxc3 21.
Qxc3 Rc8 22. Qe1 Qc6 23. Ne5 Qc3 24. Qxc3 Rxc3 25. Kf1 Ba4 26. Ke2 g5 27. Bg3
Ne4 28. Bxe4 dxe4 29. Ra2 f6 30. Kd2 Rxa3 31. Rxa3 Bxb4+ 32. Rc3 fxe5 33. Bxe5
Bb5 34. g3 Bf1 35. Kc2 Bxc3 36. Kxc3 Bxh3 37. Kb4 Kf7 38. Bb8 a6 39. Ka5 Kf6
40. Bd6 Kf5 41. Bf8 h5 42. Be7 Kg4 43. Kb6 Bf1 44. Kxb7 h4 45. gxh4 gxh4 46.
Kb6 h3 47. Bd6 Kf3 48. Bg3 Kg2 49. Kc5 h2 50. Bxh2 Kxh2 51. d5 exd5 52. Kxd5
Bg2 0-1

[Event "VI Festival Scacchi Verdi"]
[Site "Bresso ITA"]
[Date "2007.06.17"]
[Round "6"]
[White "Azzinaro, Luca"]
[Black "Taglione, Giuseppe"]
[Result "1-0"]
[WhiteElo "1422"]
[BlackElo "1403"]
[PlyCount "61"]
[EventDate "2007.06.14"]

1. e4 e5 2. Nf3 d6 3. d4 exd4 4. Nxd4 Nf6 5. Nc3 Bd7 6. Be2 Nc6 7. Be3 g6 8.
O-O Bg7 9. Qd2 O-O 10. Rad1 Re8 11. Nxc6 Bxc6 12. Bd3 Nxe4 13. Nxe4 Bxe4 14. c3
Bxd3 15. Qxd3 Qd7 16. f4 f5 17. Rd2 b6 18. Kh1 Qc6 19. Re1 Qe4 20. Qb5 Kh8 21.
Rde2 c6 22. Qb3 Qe7 23. Bxb6 Qd7 24. Rxe8+ Rxe8 25. Rxe8+ Qxe8 26. Bxa7 c5 27.
Qb8 Qxb8 28. Bxb8 Bf8 29. a4 Be7 30. Bc7 Kg7 31. a5 1-0

[Event "VI Festival Scacchi Verdi"]
[Site "Bresso ITA"]
[Date "2007.06.17"]
[Round "6"]
[White "Barberi, Alessandro"]
[Black "Fiorili, Roberto"]
[Result "1-0"]
[WhiteElo "2152"]
[BlackElo "1939"]
[PlyCount "69"]
[EventDate "2007.06.14"]

1. d4 Nf6 2. Nf3 g6 3. g3 Bg7 4. Bg2 O-O 5. O-O d6 6. c4 c6 7. Nc3 a5 8. h3
Nbd7 9. e4 Qc7 10. Be3 Rd8 11. Qe2 e5 12. d5 c5 13. Nd2 Nb6 14. Nb5 Qe7 15. a3
a4 16. b4 axb3 17. Nxb3 Ra4 18. Rfc1 Bd7 19. Nxd6 Qxd6 20. Nxc5 Qb8 21. Rab1
Nxc4 22. Rxc4 Rxa3 23. Rxb7 Ra1+ 24. Kh2 Qa8 25. Qb2 Be8 26. Qb6 Rc8 27. Rb4
Qa5 28. Qd6 Rd8 29. Qe7 Nh5 30. Rb8 Bf6 31. Qxe8+ Rxe8 32. Rxe8+ Kg7 33. Ne6+
fxe6 34. Rb7+ Be7 35. Rexe7+ 1-0

[Event "VI Festival Scacchi Verdi"]
[Site "Bresso ITA"]
[Date "2007.06.17"]
[Round "6"]
[White "Basilico, Davide"]
[Black "Rossini, Luca"]
[Result "1-0"]
[WhiteElo "1632"]
[BlackElo "1440"]
[PlyCount "53"]
[EventDate "2007.06.14"]

1. e4 c5 2. c3 Nc6 3. d4 d6 4. Bb5 Bd7 5. Nf3 g6 6. O-O Bg7 7. Be3 Nf6 8. Nbd2
O-O 9. dxc5 a6 10. Ba4 dxc5 11. Bxc5 b6 12. Ba3 b5 13. Bc2 a5 14. b3 Qc7 15.
Bc5 Rfe8 16. Nd4 Nxd4 17. cxd4 Qf4 18. h3 Qg5 19. Nf3 Qh5 20. Re1 g5 21. Qd3 g4
22. hxg4 Bxg4 23. Nh2 Bd7 24. Re3 Bh6 25. Rg3+ Kf8 26. e5 Ng8 27. Rxg8+ 1-0

[Event "VI Festival Scacchi Verdi"]
[Site "Bresso ITA"]
[Date "2007.06.17"]
[Round "6"]
[White "Brighenti, Alessandro"]
[Black "Maremonti, Marco"]
[Result "1-0"]
[WhiteElo "1597"]
[BlackElo "1440"]
[PlyCount "73"]
[EventDate "2007.06.14"]

1. e4 c6 2. d4 d5 3. Nc3 dxe4 4. Nxe4 Bf5 5. Ng3 Bg6 6. h4 h6 7. Nf3 Nd7 8. h5
Bh7 9. Bd3 Bxd3 10. Qxd3 Ngf6 11. Bf4 Nd5 12. Bd2 e6 13. O-O-O Nb4 14. Qb3 Qb6
15. c4 Na6 16. Qxb6 Nxb6 17. c5 Nd5 18. Ne5 Be7 19. f4 O-O 20. Rdf1 Bf6 21. Ne4
Bxe5 22. fxe5 b6 23. g4 bxc5 24. dxc5 Nab4 25. Kb1 Nd3 26. g5 hxg5 27. h6 Nxe5
28. h7+ Kh8 29. Nxg5 Nf6 30. Rh4 Ned7 31. Bf4 e5 32. Bd2 a5 33. Bc3 Nxc5 34.
Bxe5 Ncd7 35. Bd6 c5 36. Re1 Rae8 37. Rxe8 1-0

[Event "VI Festival Scacchi Verdi"]
[Site "Bresso ITA"]
[Date "2007.06.17"]
[Round "6"]
[White "Carbone, Lorenzo"]
[Black "Mingolla, Patrizio"]
[Result "1/2-1/2"]
[WhiteElo "1820"]
[BlackElo "1488"]
[PlyCount "140"]
[EventDate "2007.06.14"]

1. e4 e5 2. Nf3 Nc6 3. Bb5 a6 4. Ba4 Nf6 5. c3 d6 6. h3 Be7 7. d4 exd4 8. cxd4
b5 9. Bc2 Bb7 10. d5 Ne5 11. Nbd2 c6 12. Nxe5 dxe5 13. Nf3 cxd5 14. Nxe5 dxe4
15. Qe2 Bb4+ 16. Kf1 h6 17. Be3 O-O 18. Rd1 Qe7 19. Ng4 Nxg4 20. Qxg4 Kh8 21.
Rd7 Bc8 22. Rxe7 Bxg4 23. Rxe4 Bf5 24. Rxb4 Bxc2 25. Ke2 Rfd8 26. Rd4 Rac8 27.
Re1 Bf5 28. Kf3 Be6 29. a3 Rd5 30. Rh4 Rc2 31. Bd4 Rc4 32. Rd1 Kh7 33. Ke3 Rc6
34. Rd2 g5 35. Re4 f5 36. Re5 Kg6 37. Rxd5 Bxd5 38. f4 gxf4+ 39. Kxf4 Be4 40.
Bc3 Re6 41. g3 h5 42. Be5 Bb1 43. Rd7 Bc2 44. Rg7+ Kh6 45. Rg8 Kh7 46. Rg7+ Kh6
47. Rf7 Kg6 48. Rf8 Kh6 49. Rf6+ Rxf6 50. Bxf6 Kg6 51. Bg5 Be4 52. b4 Bb1 53.
h4 Be4 54. Ke5 Bh1 55. Kd6 Bg2 56. Kc7 Kf7 57. Kb6 Ke6 58. Ka5 Bb7 59. a4 bxa4
60. Kxa4 Kd5 61. Ka5 Kc6 62. Ka4 Kb6 63. Kb3 Kb5 64. Kc3 a5 65. bxa5 Kxa5 66.
Kd4 Bc8 67. Ke5 Bd7 68. Kf6 Kb5 69. Kg6 Be8+ 70. Kxf5 Kc5 1/2-1/2

[Event "VI Festival Scacchi Verdi"]
[Site "Bresso ITA"]
[Date "2007.06.17"]
[Round "6"]
[White "D'Alessio, Angelo"]
[Black "Capuano, Eugenio"]
[Result "0-1"]
[WhiteElo "1440"]
[BlackElo "2237"]
[PlyCount "52"]
[EventDate "2007.06.14"]

1. e4 c5 2. Nf3 Nc6 3. d4 cxd4 4. Nxd4 e5 5. Nb5 d6 6. N1c3 a6 7. Na3 b5 8. Nd5
Nce7 9. c4 Nxd5 10. Qxd5 Be6 11. Qc6+ Bd7 12. Qd5 Nf6 13. Bg5 Nxd5 14. Bxd8
Rxd8 15. cxd5 Rc8 16. Bd3 Be7 17. O-O Bg5 18. Nc2 a5 19. Rfe1 O-O 20. Ne3 Rc5
21. g3 g6 22. h4 Bd8 23. a3 f5 24. Nf1 Bb6 25. Kg2 fxe4 26. Bxe4 Rxf2+ 0-1

[Event "VI Festival Scacchi Verdi"]
[Site "Bresso ITA"]
[Date "2007.06.17"]
[Round "6"]
[White "D'Apa, Massimo"]
[Black "Cimo', Alessandro"]
[Result "1-0"]
[WhiteElo "1488"]
[BlackElo "1530"]
[PlyCount "40"]
[EventDate "2007.06.14"]

1. e4 c5 2. c3 d6 3. d4 cxd4 4. cxd4 Nf6 5. Nc3 e6 6. Nf3 a6 7. a4 Be7 8. Bc4
Qc7 9. Qe2 Bd7 10. Bd3 Nc6 11. O-O Rc8 12. Be3 h6 13. Rac1 Qb8 14. Nd2 O-O 15.
f4 Nb4 16. Bb1 Rfe8 17. d5 exd5 18. Nxd5 Nfxd5 19. exd5 Nxd5 20. Qd3 Nxe3 1-0

[Event "VI Festival Scacchi Verdi"]
[Site "Bresso ITA"]
[Date "2007.06.17"]
[Round "6"]
[White "Garlera, Marco"]
[Black "D'Aulisa, Francesco"]
[Result "1-0"]
[WhiteElo "1478"]
[BlackElo "1856"]
[PlyCount "67"]
[EventDate "2007.06.14"]

1. e4 d6 2. d4 e6 3. Nf3 h6 4. Nc3 a6 5. Bf4 Nd7 6. Be2 Ne7 7. Qd2 b6 8. O-O
Bb7 9. a3 g5 10. Be3 Ng6 11. g3 Be7 12. Ne1 e5 13. Bh5 Rg8 14. dxe5 dxe5 15.
Rd1 Nf6 16. Bf3 Bd6 17. Nd5 Nf4 18. Nxf6+ Qxf6 19. Bxb6 Rd8 20. Qe3 Bc8 21. Bc5
Bh3 22. Bg2 Bxg2 23. Nxg2 Nh3+ 24. Kh1 g4 25. Nh4 Rg5 26. Nf5 Rh5 27. Bxd6 Ng5
28. Bxc7 Nf3 29. Rxd8+ Qxd8 30. Ng7+ Kf8 31. Nxh5 Qxc7 32. Qxh6+ Ke7 33. Qf6+
Kd7 34. Qxf7+ 1-0

[Event "VI Festival Scacchi Verdi"]
[Site "Bresso ITA"]
[Date "2007.06.17"]
[Round "6"]
[White "Marelli, Vittorio"]
[Black "Nava, Mario"]
[Result "1-0"]
[WhiteElo "1427"]
[BlackElo "1431"]
[PlyCount "55"]
[EventDate "2007.06.14"]

1. e4 c5 2. Nf3 e6 3. d4 cxd4 4. Nxd4 Nf6 5. Nc3 Bb4 6. f3 e5 7. Nf5 O-O 8. Bd2
Bc5 9. Bc4 Qb6 10. Na4 Bf2+ 11. Ke2 Qc6 12. Ne7+ Kh8 13. Nxc6 Bh4 14. Nxe5 h6
15. Nxf7+ Kh7 16. Nd6 Nc6 17. Be3 Ne5 18. g3 Nxc4 19. Nxc4 b5 20. Nd6 bxa4 21.
gxh4 Ba6+ 22. Ke1 Rab8 23. b3 Ne8 24. Qd4 Nxd6 25. Qxd6 Bb7 26. Rg1 Rbc8 27.
Qg6+ Kh8 28. Qxg7# 1-0

[Event "VI Festival Scacchi Verdi"]
[Site "Bresso ITA"]
[Date "2007.06.17"]
[Round "6"]
[White "Murli, Almerico"]
[Black "Madaschi, Sergio"]
[Result "1-0"]
[WhiteElo "1896"]
[BlackElo "1511"]
[PlyCount "31"]
[EventDate "2007.06.14"]

1. e4 e5 2. Nf3 Nc6 3. d4 exd4 4. Nxd4 Nxd4 5. Qxd4 d6 6. Bc4 Qf6 7. Be3 Be7 8.
Nc3 Bd7 9. Nd5 Qxd4 10. Bxd4 Nf6 11. Nxc7+ Kd8 12. Nxa8 Be6 13. Bxe6 fxe6 14.
e5 Ne8 15. exd6 Bxd6 16. Bxa7 1-0

[Event "VI Festival Scacchi Verdi"]
[Site "Bresso ITA"]
[Date "2007.06.17"]
[Round "6"]
[White "Pelizzola, Danilo"]
[Black "Cardani, Roberto"]
[Result "1-0"]
[WhiteElo "2070"]
[BlackElo "1904"]
[PlyCount "51"]
[EventDate "2007.06.14"]

1. e4 c5 2. Nf3 d6 3. d4 cxd4 4. Nxd4 Nf6 5. Nc3 a6 6. Be2 e5 7. Nb3 Be7 8. O-O
O-O 9. Kh1 b6 10. Be3 Bb7 11. Nd5 Nbd7 12. f3 Nxd5 13. exd5 Nf6 14. c4 b5 15.
Qd2 Rc8 16. Rfc1 bxc4 17. Bxc4 Rxc4 18. Rxc4 Nxd5 19. Rd1 Nxe3 20. Qxe3 d5 21.
Rc2 Bd6 22. Nc5 Qb6 23. Qc1 Bc6 24. Ne6 Ba4 25. Nxf8 Bxc2 26. Qxc2 1-0

[Event "III C.to Unione Europea"]
[Site "Arvier ITA"]
[Date "2007.06.15"]
[Round "1"]
[White "Beggi, Pierluigi"]
[Black "Pistone, Salvatore"]
[Result "1/2-1/2"]
[WhiteElo "2141"]
[BlackElo "1625"]
[PlyCount "61"]
[EventDate "2007.06.15"]

1. d4 d5 2. c4 c6 3. Nf3 e6 4. Nc3 Nf6 5. e3 Bb4 6. Bd2 Bd7 7. Be2 O-O 8. O-O
c5 9. a3 Bxc3 10. bxc3 dxc4 11. Bxc4 b5 12. Be2 c4 13. a4 a6 14. Ne5 Nc6 15.
axb5 axb5 16. Rxa8 Qxa8 17. Nxd7 Nxd7 18. Bf3 Qa6 19. Qc2 Na5 20. Ra1 Nb6 21.
e4 Na4 22. Bf4 Nb3 23. Re1 f6 24. Bg4 Rd8 25. h3 e5 26. dxe5 fxe5 27. Bg5 Rd3
28. Re3 Nac5 29. Qe2 Qa1+ 30. Kh2 Qxc3 31. Qf3 1/2-1/2

[Event "III C.to Unione Europea"]
[Site "Arvier ITA"]
[Date "2007.06.15"]
[Round "1"]
[White "Bellia, Mario"]
[Black "Dubois, Martine"]
[Result "0-1"]
[WhiteElo "1407"]
[BlackElo "2092"]
[PlyCount "58"]
[EventDate "2007.06.15"]

1. Nf3 Nc6 2. b3 e5 3. Bb2 d6 4. d4 e4 5. Nfd2 Nf6 6. c4 e3 7. fxe3 Qe7 8. Nf3
Qxe3 9. Qd3 Qxd3 10. exd3 Nb4 11. Na3 Bf5 12. Kd2 g6 13. Re1+ Kd7 14. Nh4 Bh6+
15. Kc3 Nxa2+ 16. Kc2 Nb4+ 17. Kc3 a5 18. Nxf5 gxf5 19. Bc1 Bxc1 20. Rxc1 Na2+
21. Kc2 Nxc1 22. Kxc1 Rhe8 23. Nc2 Ng4 24. h3 Ne3 25. Kd2 Nxc2 26. Kxc2 Re1 27.
Kd2 Rae8 28. g3 Rb1 29. Bg2 Rb2+ 0-1

[Event "III C.to Unione Europea"]
[Site "Arvier ITA"]
[Date "2007.06.15"]
[Round "1"]
[White "Brauer, Christian"]
[Black "Cornaggia, Ranieri"]
[Result "1-0"]
[WhiteElo "2132"]
[BlackElo "1548"]
[PlyCount "85"]
[EventDate "2007.06.15"]

1. d4 Nf6 2. Nc3 g6 3. e4 Bg7 4. e5 Ng8 5. f4 d6 6. Be3 e6 7. Qd2 Ne7 8. Nf3
Nd7 9. O-O-O Nb6 10. Bd3 Bd7 11. h4 d5 12. h5 Nf5 13. Bf2 Ne7 14. hxg6 fxg6 15.
Bh4 Qc8 16. g4 c5 17. dxc5 Qxc5 18. Rh2 Rc8 19. Rdh1 Nc4 20. Bxc4 Qxc4 21. Bxe7
Kxe7 22. Rxh7 Rxh7 23. Rxh7 Kf8 24. Rh1 b5 25. Qd4 b4 26. Qxc4 Rxc4 27. Ne2 Re4
28. Kd2 Rc4 29. Ned4 Kg8 30. b3 Rc8 31. Ng5 Re8 32. c3 Bf8 33. Kd3 bxc3 34.
Kxc3 Bc5 35. Rh6 Bxd4+ 36. Kxd4 Rf8 37. Rxg6+ Kh8 38. Nxe6 Bxe6 39. Rxe6 Rxf4+
40. Kxd5 Rxg4 41. Ra6 Rg7 42. e6 Kh7 43. Rd6 1-0

[Event "III C.to Unione Europea"]
[Site "Arvier ITA"]
[Date "2007.06.15"]
[Round "1"]
[White "Brigati, Alessandro"]
[Black "Perrone, Samuel"]
[Result "1-0"]
[WhiteElo "2093"]
[BlackElo "1416"]
[PlyCount "57"]
[EventDate "2007.06.15"]

1. Nf3 d5 2. d4 Nf6 3. Bf4 e6 4. e3 c5 5. c3 b6 6. Bd3 Nc6 7. Nbd2 Bd6 8. Ne5
Qc7 9. Bb5 Bd7 10. Nxd7 Nxd7 11. Qg4 g6 12. Nf3 e5 13. Nxe5 Ndxe5 14. dxe5 Be7
15. e6 Qc8 16. exf7+ Kxf7 17. Qf3 Qe6 18. Be5+ Bf6 19. Bxf6 Qxf6 20. Qxf6+ Kxf6
21. Bxc6 Rad8 22. O-O-O Ke6 23. e4 dxe4 24. Rxd8 Rxd8 25. Bxe4 Ke5 26. f3 g5
27. Rd1 Rxd1+ 28. Kxd1 h6 29. Kd2 1-0

[Event "III C.to Unione Europea"]
[Site "Arvier ITA"]
[Date "2007.06.15"]
[Round "1"]
[White "Dritsakos, Alessio"]
[Black "Astengo, Corrado"]
[Result "1/2-1/2"]
[WhiteElo "1506"]
[BlackElo "2110"]
[PlyCount "46"]
[EventDate "2007.06.15"]

1. e4 c5 2. Nf3 d6 3. d4 cxd4 4. Nxd4 Nf6 5. Nc3 a6 6. Bd3 e5 7. Nb3 Be6 8. Bg5
Be7 9. Bxf6 Bxf6 10. Nd5 Bxd5 11. exd5 e4 12. Bxe4 Bxb2 13. Rb1 Bc3+ 14. Nd2
O-O 15. O-O Nd7 16. Rb3 Be5 17. Bxh7+ Kxh7 18. Qh5+ Kg8 19. Rh3 f6 20. Qh7+ Kf7
21. Qh5+ Kg8 22. Qh7+ Kf7 23. Qh5+ Kg8 1/2-1/2

[Event "III C.to Unione Europea"]
[Site "Arvier ITA"]
[Date "2007.06.15"]
[Round "1"]
[White "Raineri, Valerio"]
[Black "Dritsakos, Sonia"]
[Result "1-0"]
[WhiteElo "2123"]
[BlackElo "1524"]
[PlyCount "63"]
[EventDate "2007.06.15"]

1. e4 e5 2. Nf3 Nc6 3. Bb5 a6 4. Ba4 b5 5. Bb3 Bc5 6. c3 Nf6 7. O-O Bb6 8. d4
O-O 9. dxe5 Ng4 10. Bd5 Bb7 11. h3 Nh6 12. Bxh6 gxh6 13. Qd2 Kg7 14. Qf4 Qe7
15. Qg4+ Kh8 16. Qh5 Kg7 17. Nh4 Qg5 18. Nf5+ Kh8 19. Qxh6 Qxh6 20. Nxh6 f6 21.
Nd2 fxe5 22. Nf7+ Kg7 23. Bxc6 dxc6 24. Nxe5 Rad8 25. Ndf3 Bc5 26. Rad1 Bd6 27.
Nd3 Be7 28. Nd4 Kf7 29. Ne5+ Kf6 30. Ndxc6 Rxd1 31. Rxd1 Bd6 32. Nd7+ 1-0

[Event "III C.to Unione Europea"]
[Site "Arvier ITA"]
[Date "2007.06.15"]
[Round "1"]
[White "Rombaldoni, Axel"]
[Black "Innocenti, Luca"]
[Result "1-0"]
[WhiteElo "2221"]
[BlackElo "1894"]
[PlyCount "67"]
[EventDate "2007.06.15"]

1. e4 c6 2. d4 d5 3. e5 Bf5 4. c3 e6 5. Be3 Qb6 6. Qb3 Qxb3 7. axb3 Nd7 8. b4
h5 9. f4 Nh6 10. Nf3 Be7 11. Nbd2 Bg6 12. Bg1 O-O 13. g3 b6 14. b5 c5 15. h3
Nf5 16. Bf2 cxd4 17. cxd4 Rfc8 18. Kd1 Nh6 19. Ne1 f6 20. Bd3 Bxd3 21. Nxd3
fxe5 22. fxe5 Nf7 23. h4 Nf8 24. Ke2 Rc7 25. Ra6 Nd8 26. Rha1 Rb7 27. Rc1 g6
28. Nf3 Nd7 29. Be1 Nb8 30. Raa1 a5 31. Rc8 Rba7 32. Rac1 Kf7 33. R1c7 Nd7 34.
Rxd7 1-0

[Event "III C.to Unione Europea"]
[Site "Arvier ITA"]
[Date "2007.06.15"]
[Round "1"]
[White "Scanferla, Paolo"]
[Black "Pepino, Enrico"]
[Result "0-1"]
[WhiteElo "1707"]
[BlackElo "2153"]
[PlyCount "88"]
[EventDate "2007.06.15"]

1. e4 c5 2. Nf3 d6 3. d4 cxd4 4. Nxd4 Nf6 5. Nc3 g6 6. Bc4 Bg7 7. f3 O-O 8. Be3
Nc6 9. Qd2 Bd7 10. Bb3 Rc8 11. O-O-O Ne5 12. h4 Nc4 13. Bxc4 Rxc4 14. h5 Nxh5
15. g4 Nf6 16. Bh6 Nxe4 17. Nxe4 Rxd4 18. Qh2 Be5 19. Bf4 Bxf4+ 20. Qxf4 Rxd1+
21. Kxd1 f6 22. Nc3 Bc6 23. Kc1 Qa5 24. Qh6 Qg5+ 25. f4 Qxh6 26. Rxh6 e5 27. f5
Kg7 28. Rh3 d5 29. Kd2 Rd8 30. Nd1 d4 31. b3 gxf5 32. gxf5 Be4 33. Rh5 Bf3 34.
Rh4 Bxd1 35. Kxd1 h5 36. Rxh5 Rh8 37. Rxh8 Kxh8 38. Ke2 Kg7 39. Kf3 Kh6 40. Kg4
e4 41. Kf4 e3 42. Kf3 Kg5 43. c4 dxc3 44. Kxe3 Kxf5 0-1

[Event "III C.to Unione Europea"]
[Site "Arvier ITA"]
[Date "2007.06.16"]
[Round "2"]
[White "Cornaggia, Ranieri"]
[Black "Antoniacci, Riccardo"]
[Result "0-1"]
[WhiteElo "1548"]
[BlackElo "1995"]
[PlyCount "78"]
[EventDate "2007.06.15"]

1. e4 e5 2. Nf3 Nc6 3. Bb5 a6 4. Ba4 Nf6 5. d3 b5 6. Bb3 Be7 7. c3 d6 8. Nbd2
Na5 9. Bc2 c5 10. Nf1 Qc7 11. Ng3 g6 12. O-O h5 13. Bg5 Nh7 14. Qd2 Nxg5 15.
Nxg5 f6 16. Nf3 h4 17. Ne2 g5 18. b4 Nc6 19. bxc5 dxc5 20. d4 Bg4 21. Rad1 h3
22. d5 Rd8 23. Qe3 hxg2 24. Rfe1 Na5 25. Nd2 Bd6 26. Qg3 Bh3 27. Nc1 Qg7 28.
Ncb3 Nb7 29. c4 Kf7 30. f3 Rh4 31. Re2 Rdh8 32. Bd3 b4 33. Rb1 f5 34. Qf2 f4
35. Nc1 g4 36. fxg4 Bxg4 37. Re3 Rxh2 38. Nf3 Rh1+ 39. Kxg2 Bxf3+ 0-1

[Event "III C.to Unione Europea"]
[Site "Arvier ITA"]
[Date "2007.06.16"]
[Round "2"]
[White "Dritsakos, Sonia"]
[Black "De Marco, Walter"]
[Result "0-1"]
[WhiteElo "1524"]
[BlackElo "1992"]
[PlyCount "116"]
[EventDate "2007.06.15"]

1. e4 e6 2. d4 b6 3. Nc3 Bb7 4. Bd3 Bb4 5. Bd2 Nf6 6. Nge2 O-O 7. a3 Be7 8. e5
Nd5 9. Ne4 f5 10. N4g3 c5 11. c4 Nc7 12. f3 cxd4 13. Nxd4 Nc6 14. Nxc6 dxc6 15.
Qc2 Qd7 16. Ne2 Rad8 17. Nc1 Bc5 18. Bg5 Be7 19. Be3 c5 20. f4 Bh4+ 21. Kf1 Be4
22. Bxe4 fxe4 23. Ne2 Qd3 24. Qxd3 Rxd3 25. Bf2 Bxf2 26. Kxf2 Rd2 27. Rab1 Rfd8
28. Ke3 Ne8 29. Rhe1 g6 30. Kxe4 R8d3 31. a4 Rb3 32. Nc3 Rxg2 33. Re2 Rxe2+ 34.
Nxe2 Rh3 35. Rh1 Ng7 36. Nc3 Nh5 37. Ne2 Kf7 38. Nc3 Ng3+ 39. hxg3 Rxh1 40. Nb5
Rd1 41. Nd6+ Ke7 42. Nc8+ Kd7 43. Nxa7 Rd4+ 44. Ke3 Rxc4 45. b3 Rb4 46. Kf3
Rxb3+ 47. Kg4 Rb4 48. Kg5 Rxa4 49. Nb5 c4 50. Nc3 Ra3 51. Nb5 Rxg3+ 52. Kh6
Rh3+ 53. Kg7 c3 54. Nd4 b5 55. Kf6 Rh5 56. Nxb5 c2 57. Nd4 c1=Q 58. Nxe6 Rf5+
0-1

[Event "III C.to Unione Europea"]
[Site "Arvier ITA"]
[Date "2007.06.16"]
[Round "2"]
[White "Llaneza Vega, Marcos"]
[Black "Dritsakos, Alessio"]
[Result "1-0"]
[WhiteElo "2455"]
[BlackElo "1506"]
[PlyCount "61"]
[EventDate "2007.06.15"]

1. e4 e5 2. Bc4 Nf6 3. d3 d5 4. exd5 Nxd5 5. Nf3 Bg4 6. h3 Bxf3 7. Qxf3 c6 8.
O-O Be7 9. Re1 O-O 10. Rxe5 Nd7 11. Re1 N7f6 12. Bg5 Re8 13. Nd2 Qc7 14. Nf1
Bd6 15. Ng3 Bf4 16. Bxf4 Nxf4 17. c3 Rad8 18. d4 N6d5 19. Qg4 Nf6 20. Qf5 Qd6
21. Ne4 Rxe4 22. Rxe4 Nxe4 23. Qxe4 Nd5 24. Re1 Nf6 25. Qe7 Qxe7 26. Rxe7 Rd7
27. Bxf7+ Kf8 28. Rxd7 Nxd7 29. Be6 Ke7 30. Bxd7 Kxd7 31. f4 1-0

[Event "III C.to Unione Europea"]
[Site "Arvier ITA"]
[Date "2007.06.16"]
[Round "2"]
[White "Pipitone, Antonio"]
[Black "Scanferla, Paolo"]
[Result "1/2-1/2"]
[WhiteElo "1994"]
[BlackElo "1707"]
[PlyCount "124"]
[EventDate "2007.06.15"]

1. e4 e5 2. Nf3 Nc6 3. Bb5 a6 4. Ba4 Nge7 5. c3 d6 6. d4 Bd7 7. O-O Ng6 8. Be3
Be7 9. Re1 O-O 10. Nbd2 Qe8 11. Bc2 Kh8 12. Nf1 f5 13. exf5 Bxf5 14. Bxf5 Rxf5
15. Ng3 Rf7 16. Qb3 Rb8 17. Qe6 Bf6 18. Qg4 Qd7 19. Qh5 Rbf8 20. Ne4 Nf4 21.
Bxf4 g6 22. Qh6 Bg7 23. Bxe5 dxe5 24. Qe3 exd4 25. cxd4 Nxd4 26. Rad1 Nxf3+ 27.
Qxf3 Qb5 28. Qe2 Qxb2 29. Qxb2 Bxb2 30. Re2 Bf6 31. Nc5 c6 32. f3 Kg8 33. Kf1
a5 34. Re6 Bc3 35. Rd3 Bb2 36. Rb3 Bd4 37. Nxb7 a4 38. Rd3 c5 39. Nd6 Rd7 40.
Nc4 Rfd8 41. Nb6 Rd6 42. Rxd6 Rxd6 43. Nxa4 Ra6 44. Nxc5 Bxc5 45. Rd2 Re6 46.
Rc2 Bd6 47. g3 Kf7 48. Kf2 Kf6 49. f4 Bb4 50. g4 h5 51. h3 h4 52. Kf3 Ba5 53.
g5+ Kf7 54. Kg4 Be1 55. Rc7+ Kg8 56. Kf3 Bg3 57. a4 Ra6 58. Rc4 Ra5 59. Rc8+
Kg7 60. Rc7+ Kg8 61. Rc8+ Kg7 62. Rc4 Rf5 1/2-1/2

[Event "III C.to Unione Europea"]
[Site "Arvier ITA"]
[Date "2007.06.16"]
[Round "2"]
[White "Pistone, Salvatore"]
[Black "Sulava, Nenad"]
[Result "0-1"]
[WhiteElo "1625"]
[BlackElo "2549"]
[PlyCount "41"]
[EventDate "2007.06.15"]

1. c4 e6 2. e4 c5 3. Nf3 Nc6 4. d4 cxd4 5. Nxd4 Nf6 6. Nc3 Bb4 7. Nxc6 bxc6 8.
Bd3 e5 9. O-O d6 10. Qc2 Bc5 11. Nd1 a5 12. Be3 Nd7 13. Bxc5 Nxc5 14. Ne3 Rb8
15. b3 O-O 16. Rab1 g6 17. f4 exf4 18. Rxf4 Qg5 19. Rbf1 Ne6 20. R4f3 Nd4 21.
Rg3 0-1

[Event "III C.to Unione Europea"]
[Site "Arvier ITA"]
[Date "2007.06.17"]
[Round "3"]
[White "Battistella, Stefano"]
[Black "Pistone, Salvatore"]
[Result "1/2-1/2"]
[WhiteElo "2068"]
[BlackElo "1625"]
[PlyCount "42"]
[EventDate "2007.06.15"]

1. c4 e5 2. g3 Nf6 3. Bg2 d5 4. cxd5 Nxd5 5. Nc3 Be6 6. Nf3 Nc6 7. O-O Be7 8.
d4 exd4 9. Nxd4 Nxd4 10. Qxd4 Bf6 11. Qa4+ c6 12. Nxd5 Bxd5 13. Rd1 b5 14. Qc2
Qc8 15. e4 Bc4 16. e5 Be7 17. b3 Bd5 18. Bxd5 cxd5 19. Qxc8+ Rxc8 20. Rxd5 Rc5
21. Rxc5 Bxc5 1/2-1/2

[Event "III C.to Unione Europea"]
[Site "Arvier ITA"]
[Date "2007.06.17"]
[Round "3"]
[White "Bellia, Mario"]
[Black "Cavatorta, Ivan"]
[Result "0-1"]
[WhiteElo "1407"]
[BlackElo "1878"]
[PlyCount "168"]
[EventDate "2007.06.15"]

1. b3 e5 2. Bb2 Nc6 3. e3 d5 4. Bb5 Bd6 5. Nc3 Nf6 6. Nf3 Bd7 7. Ne2 Qe7 8. a3
a6 9. Bxc6 Bxc6 10. d4 exd4 11. Nfxd4 Bd7 12. b4 O-O 13. Ng3 Bxb4+ 14. c3 Ba5
15. Qc2 c5 16. Ndf5 Qe5 17. O-O c4 18. Rad1 Ne4 19. Rxd5 Qe6 20. Rxa5 Nxg3 21.
hxg3 b5 22. Nd4 Qb6 23. Rxb5 axb5 24. Rd1 Rad8 25. Qe4 Rfe8 26. Qf4 Qg6 27. f3
Bc6 28. Kf2 h6 29. Rd2 Kh7 30. g4 Rd5 31. e4 Rd7 32. Re2 Rc8 33. Bc1 Re7 34.
Be3 Ra8 35. Ra2 Bd7 36. Nf5 Bxf5 37. gxf5 Qf6 38. Bd4 Qg5 39. Qxg5 hxg5 40. Bc5
Rc7 41. Bb4 Rd7 42. Kg3 Rd1 43. Kg4 Kh6 44. g3 Rh1 45. Rd2 f6 46. Rd6 Rb8 47.
e5 Re1 48. exf6 gxf6 49. Rxf6+ Kg7 50. Rg6+ Kf7 51. Ra6 Rg1 52. Bd6 Rd8 53. Bc5
Rc1 54. Ra7+ Kg8 55. Be7 Rd3 56. Bxg5 Rcxc3 57. Ra8+ Kf7 58. Ra7+ Kg8 59. Bf4
Rxa3 60. Rb7 c3 61. Rxb5 c2 62. Rb8+ Kf7 63. Rb7+ Kf6 64. Rb6+ Kf7 65. Rc6 Rac3
66. Ra6 c1=Q 67. Bxc1 Rxc1 68. f4 Rg1 69. Ra7+ Kg8 70. Ra8+ Kf7 71. Ra7+ Ke8
72. f6 Rgxg3+ 73. Kf5 Rd7 74. Ra8+ Kf7 75. Ra6 Rg6 76. Ke5 Re7+ 77. Kf5 Rh6 78.
Kg5 Rg6+ 79. Kf5 Rc7 80. Re6 Rc5+ 81. Re5 Rxf6+ 82. Kg5 Rxe5+ 83. fxe5 Re6 84.
Kf5 Ra6 0-1

[Event "III C.to Unione Europea"]
[Site "Arvier ITA"]
[Date "2007.06.17"]
[Round "3"]
[White "Brigati, Alessandro"]
[Black "Innocenti, Luca"]
[Result "1-0"]
[WhiteElo "2093"]
[BlackElo "1894"]
[PlyCount "143"]
[EventDate "2007.06.15"]

1. Nf3 Nf6 2. d4 e6 3. Bf4 b6 4. e3 Bb7 5. Bd3 Be7 6. h3 Be4 7. O-O O-O 8. c4
d5 9. Nc3 Bxd3 10. Qxd3 c6 11. Rfd1 Nbd7 12. e4 dxe4 13. Nxe4 Nxe4 14. Qxe4 Rc8
15. Ne5 Nxe5 16. Bxe5 Qd7 17. Rd3 Rfd8 18. Rad1 Qb7 19. Rg3 f6 20. Qg4 Bd6 21.
Qxe6+ Qf7 22. Qxf7+ Kxf7 23. Bxd6 Rxd6 24. Ra3 Rd7 25. Kf1 Re8 26. f3 Rde7 27.
Rd2 Kg6 28. Kf2 Kf5 29. h4 h5 30. d5 cxd5 31. Rxd5+ Kg6 32. Rd2 Rc8 33. Rc3 Kf7
34. b3 Rce8 35. Rcd3 Kg6 36. Rd7 Kf7 37. g4 hxg4 38. fxg4 Rh8 39. Kg3 Ke6 40.
R2d6+ Kf7 41. g5 fxg5 42. hxg5 Ra8 43. Kg4 Ke8 44. Rxe7+ Kxe7 45. Rg6 Rg8 46.
Kf5 Rf8+ 47. Ke5 Rf7 48. c5 bxc5 49. Rc6 Kd8 50. Rxc5 Rf2 51. Ra5 Re2+ 52. Kf5
Re7 53. b4 Kc8 54. a4 Kb7 55. b5 Kb6 56. Ra6+ Kc5 57. Re6 Rd7 58. Kg6 Kb4 59.
Ra6 Kc5 60. Kh7 Kb4 61. g6 Kb3 62. Kg8 Kb4 63. Kf8 Kc5 64. Rc6+ Kb4 65. b6 a5
66. Rc7 Rd8+ 67. Kxg7 Kxa4 68. b7 Rb8 69. Kf7 Kb5 70. g7 Kb6 71. Re7 a4 72.
g8=Q 1-0